00873nam a22002537a 450000500170000000800410001702000180005804000070007604100120008308200170009510000230011224500210013526000610015630000280021736500570024565000280030265000370033065000270036765000270039470000250042194200120044699900190045895201420047720260401150446.0260401b |||||||| |||| 00| 0 eng d a9789385915543 cAL aEnglish a530.14bKAKE aS L Kakani9260003 aElectromagnetics aNew DelhibCBS Publishers and Distributors Pvt Ltdc2016 axvi,807p.bPBc23x15cm. aVBI-2645b₹412.50c₹d₹550.00e25%f20-02-2026 aVector Analysis9260004 aScalar and Vector Fields9260005 aElectrostatics9260006 aMagnetostatics9260007 aHemrajani, C9260008 2ddccBK c241103d241103 00102ddc40708ECE aSEbSEd2026-03-25eVidyarthi Booksg412.50l0o530.14 KAKEpSE000379r2026-04-01 15:08:26v550.00w2026-02-20yBK